000 00844cam a2200289 a 4500
001 11058
003 BD-RjUL
005 20211208235049.0
008 410126s1987 flua b 001 0 eng
020 _a0849346878 (set)
020 _a0849346894 (v. 2)
020 _z0849346886 (v. 1)
035 _a(BD-RjUL)11107
040 _aDLC
_cDLC
_dDLC
_dBD-RjUL
_beng
041 _aeng
082 0 0 _a571.8
_223
_bRAR 1987
100 2 _aRao, K. Vasudeva
_d1933-
_934174
245 1 0 _aRole of cell surface in development /
_cK. Vasudeva Rao.
260 _aBoca Raton, Florida :
_bCRC Press,
_cc1987.
300 _a v. :
_bill. ;
_c26 cm.
504 _aIncludes bibliographies and indexes.
505 0 _aVol. 2 --
650 0 _aCell membranes.
_934175
650 0 _aDevelopmental cytology.
_934176
942 _2ddc
_cBK
999 _c11058
_d11058